| 000 | 00411nam a2200133Ia 4500 | ||
|---|---|---|---|
| 008 | 250506s9999 xx 000 0 und d | ||
| 024 | _a01B-04-BCS3Y & 01B-21-BCS3Y | ||
| 082 | _a004.6072 MUH | ||
| 100 | _aMuhammad Kashif & Fahad Ahmed Khan | ||
| 245 | 0 | _aAgent Based Network Monitoring Control | |
| 260 |
_aKarachi: _bUIT, _c2001 |
||
| 600 | _aComputer Science | ||
| 650 | _aBachelor of Computer Science (BS) | ||
| 999 |
_c27642 _d27642 |
||